书目信息 |
| 题名: |
计算机系统接口——SCSI
|
|
| 作者: | 欧阳兴华 编 | |
| 分册: | ||
| 出版信息: | 北京 电子工业出版社 1994.07 |
|
| 页数: | 324页 | |
| 开本: | 16开 | |
| 丛书名: | ||
| 单 册: | ||
| 中图分类: | TP334.7 | |
| 科图分类: | ||
| 主题词: | 电子数字计算机 | |
| 电子资源: | ||
| ISBN: | 7-5053-2590-6 | |
| 000 | 00573nam0 2200193 45 | |
| 001 | 0004240888 | |
| 005 | 20000424085154.3 | |
| 010 | @a7-5053-2590-6@d25.00元 | |
| 100 | @a20000424d1994 km y0chiy0120 ea | |
| 101 | @achi | |
| 105 | @a z 000yy | |
| 200 | 1 | @a计算机系统接口——SCSI@AJi Suan Ji Xi Tong Jie Kou——SCSI@f欧阳兴华编@FOu Yang Xing Hua Bian |
| 210 | @a北京@c电子工业出版社@d1994.07 | |
| 215 | @a324页@d16开 | |
| 606 | 0 | @a电子数字计算机 |
| 690 | @aTP334.7@v3 | |
| 701 | @a欧阳兴华@4编 | |
| 801 | @aCN@bPftUser@c20000424 | |
| 905 | @f3@b53259-261@dTP334.7@eO903 | |
| 计算机系统接口——SCSI/欧阳兴华编.-北京:电子工业出版社,1994.07 |
| 324页;16开 |
| ISBN 7-5053-2590-6:25.00元 |
| ● |
| 相关链接 |
|
|
|
正题名:计算机系统接口——SCSI
索取号:TP334.7/O903
 
预约/预借
| 序号 | 登录号 | 条形码 | 馆藏地/架位号 | 状态 | 备注 |
| 1 | 53259 | 200532593 | 自科库301/301自科库 55排4列5层/ [索取号:TP334.7/O903] | 在馆 | |
| 2 | 53260 | 200532600 | 自科库301/301自科库 61排6列5层/ [索取号:TP334.7/O903] | 在馆 | |
| 3 | 53261 | 200532619 | 自科库301/301自科库 61排6列5层/ [索取号:TP334.7/O903] | 在馆 |